LOS DOMINIOS DEL LOBO (Registro nro. 68572)

Detalles MARC
000 -CABECERA
campo de control de longitud fija 00629nam a22002297a 4500
003 - IDENTIFICADOR DEL NÚMERO DE CONTROL
campo de control BPGM
008 - DATOS DE LONGITUD FIJA--INFORMACIÓN GENERAL
campo de control de longitud fija 260415m mx gr|||| 001 f spa d
020 ## - NÚMERO INTERNACIONAL ESTÁNDAR DEL LIBRO
Número Internacional Estándar del Libro 968-19-0698-5
040 ## - FUENTE DE LA CATALOGACIÓN
Lengua de catalogación SPA
041 ## - CÓDIGO DE LENGUA
Código de lengua del texto/banda sonora o título independiente SPA
Código de lengua original SPA
082 04 - NÚMERO DE LA CLASIFICACIÓN DECIMAL DEWEY
Número de clasificación M3687
Número de documento/Ítem D63
100 ## - ENTRADA PRINCIPAL--NOMBRE DE PERSONA
Nombre de persona MARIAS, JAVIER
245 ## - MENCIÓN DE TÍTULO
Título LOS DOMINIOS DEL LOBO
260 ## - PUBLICACIÓN, DISTRIBUCIÓN, ETC.
Lugar de publicación, distribución, etc. MÉXICO
Nombre del editor, distribuidor, etc. ALFAGUARA
Fecha de publicación, distribución, etc. MARZO 2000
300 ## - DESCRIPCIÓN FÍSICA
Extensión 338
Dimensiones 21.5X13.1
336 ## - TIPO DE CONTENIDO
Fuente rdacontent
Término de tipo de contenido texto
Código de tipo de contenido txt
337 ## - TIPO DE MEDIO
Fuente rdamedia
Nombre/término del tipo de medio sin mediación
Código del tipo de medio n
338 ## - TIPO DE SOPORTE
Fuente rdacarrier
Nombre/término del tipo de soporte volumen
Código del tipo de soporte nc
650 ## - PUNTO DE ACCESO ADICIONAL DE MATERIA--TÉRMINO DE MATERIA
Subdivisión de forma 863
Subdivisión general 800
Subdivisión cronológica 60
Subdivisión geográfica 3
700 ## - PUNTO DE ACCESO ADICIONAL--NOMBRE DE PERSONA
Nombre de persona LUIGI LOIR
Títulos y otros términos asociados al nombre EN LA ESTACION
Fechas asociadas al nombre 1845-1916
Término indicativo de función/relación ILUSTRADOR
942 ## - ELEMENTOS DE PUNTO DE ACCESO ADICIONAL (KOHA)
Fuente del sistema de clasificación o colocación Dewey Decimal Classification
Tipo de ítem Koha Consulta Jóvenes y Adultos

No hay ítems disponibles.